[Event "3rd DC International"]
[Site "Arlington, VA"]
[Date "2015.06.27"]
[Round "4"]
[White "Georgiadis, Nico"]
[Black "Cao, Jason"]
[Result "1/2-1/2"]
[WhiteElo "2479"]
[BlackElo "2332"]
[PlyCount "94"]
[EventDate "2015.06.??"]
[EventType "swiss"]
[EventRounds "9"]
[EventCountry "USA"]

1. e4 c5 2. Nf3 d6 3. d4 cxd4 4. Nxd4 Nf6 5. Nc3 a6 6. Be2 e5 7. Nb3 Be7 8. O-O
O-O 9. Be3 Be6 10. Qd3 Nbd7 11. Nd5 Bxd5 12. exd5 Ne8 13. c4 Bg5 14. Bxg5 Qxg5
15. Na5 f5 16. b4 e4 17. Qe3 Qxe3 18. fxe3 b6 19. Nc6 g6 20. a4 a5 21. bxa5
bxa5 22. Rfb1 Nc5 23. Rb5 Nc7 24. Rb6 Rf6 25. Rb8+ Rxb8 26. Nxb8 N7a6 27. Nc6
Nb3 28. Rb1 Nac5 29. Nd4 Nxd4 30. exd4 Nxa4 31. Rc1 Rf8 32. c5 Rc8 33. Bb5 Nb2
34. Rb1 Nd3 35. Bxd3 exd3 36. c6 Kf7 37. Rd1 a4 38. Rxd3 Ra8 39. Ra3 Ke7 40.
Kf2 Kd8 41. Ke3 g5 42. Kd3 Kc7 43. Kc4 Ra5 44. Rh3 a3 45. Rxh7+ Kc8 46. Rh8+
Kc7 47. Rh7+ Kc8 1/2-1/2

[Event "3rd DC International"]
[Site "Arlington, VA"]
[Date "2015.06.27"]
[Round "4"]
[White "Bodek, Michael"]
[Black "Nieto, Manuel"]
[Result "1-0"]
[WhiteElo "2425"]
[BlackElo "2080"]
[PlyCount "65"]
[EventDate "2015.06.??"]
[EventType "swiss"]
[EventRounds "9"]
[EventCountry "USA"]

1. e4 c5 2. Nf3 e6 3. Nc3 a6 4. g3 Nc6 5. Bg2 d5 6. O-O Nf6 7. exd5 exd5 8. d4
Bg4 9. dxc5 Bxc5 10. Re1+ Ne7 11. Bg5 O-O 12. Bxf6 gxf6 13. Qd2 Qd7 14. Nd4
Rac8 15. Nb3 Bb4 16. Qd4 Rc4 17. Qxf6 d4 18. a3 dxc3 19. axb4 cxb2 20. Qxb2 Nc6
21. c3 Be6 22. Nc5 Qc8 23. Qd2 Rg4 24. Nxe6 fxe6 25. Rxe6 Kh8 26. Qe2 Rg7 27.
Re1 Rgf7 28. Bxc6 bxc6 29. Qe5+ Kg8 30. Re4 Rg7 31. Re8 Qd7 32. Rxf8+ Kxf8 33.
Rf4+ 1-0

[Event "3rd DC International"]
[Site "Arlington, VA"]
[Date "2015.06.27"]
[Round "4"]
[White "Wu, Christopher"]
[Black "Yang, Darwin"]
[Result "1-0"]
[WhiteElo "2317"]
[BlackElo "2484"]
[PlyCount "91"]
[EventDate "2015.06.??"]
[EventType "swiss"]
[EventRounds "9"]
[EventCountry "USA"]

1. e4 e6 2. d4 d5 3. Nc3 Bb4 4. e5 c5 5. a3 Ba5 6. Be3 Nc6 7. Bb5 Nge7 8. dxc5
O-O 9. Nf3 Nf5 10. Bd2 Bc7 11. Bxc6 bxc6 12. O-O f6 13. Re1 Bd7 14. Bf4 g5 15.
Bg3 Nxg3 16. hxg3 g4 17. Nh4 fxe5 18. Qxg4+ Kh8 19. Rad1 Qe7 20. b4 Rad8 21.
Ne2 e4 22. Nf4 Rxf4 23. gxf4 Rg8 24. Qh3 Bxf4 25. g3 e5 26. Qh2 Bg4 27. Rb1 Bg5
28. Rb3 Be6 29. Ng2 Rg6 30. Qh5 Rh6 31. Qe2 Qd7 32. f4 exf4 33. gxf4 Bf6 34.
Rg3 Bd4+ 35. Ne3 Qe7 36. Qg2 Qh4 37. c3 Bxc3 38. Nf5 Qh1+ 39. Qxh1 Rxh1+ 40.
Kxh1 Bxe1 41. Rg1 Bf2 42. Rg5 a6 43. Kg2 Be1 44. Ne7 Bd2 45. Nxc6 Bxf4 46. Nd4
1-0

[Event "3rd DC International"]
[Site "Arlington, VA"]
[Date "2015.06.27"]
[Round "4"]
[White "Aikhoje, Odion"]
[Black "Korley, Kassa"]
[Result "1-0"]
[WhiteElo "2274"]
[BlackElo "2435"]
[PlyCount "115"]
[EventDate "2015.06.??"]
[EventType "swiss"]
[EventRounds "9"]
[EventCountry "USA"]

1. Nf3 d5 2. d4 Nf6 3. Bg5 a6 4. Bxf6 exf6 5. e3 Bd6 6. c4 dxc4 7. Bxc4 O-O 8.
Nc3 c5 9. O-O cxd4 10. Qxd4 Nc6 11. Qh4 Be6 12. Rfd1 Qe7 13. Nd5 Bxd5 14. Bxd5
Ne5 15. Nd4 g6 16. Ne2 Rad8 17. Bb3 f5 18. Qxe7 Bxe7 19. Nf4 Rxd1+ 20. Rxd1 Rd8
21. Nd5 Kf8 22. Kf1 Bd6 23. Ke2 Nc6 24. Nf6 h6 25. a3 Bc7 26. Nd7+ Ke7 27. Nc5
Rxd1 28. Kxd1 Nd8 29. Nd3 Ne6 30. Bd5 b6 31. h3 Kd6 32. Ba2 Bd8 33. Kc2 b5 34.
Nb4 a5 35. Nd3 Bb6 36. Kc3 Ng5 37. b4 Ne4+ 38. Kc2 axb4 39. axb4 f6 40. Bf7 g5
41. Be8 g4 42. hxg4 fxg4 43. g3 f5 44. Bxb5 f4 45. exf4 Nxf2 46. Ne5 Ne4 47.
Nf7+ Kd5 48. Nxh6 Nxg3 49. Nxg4 Kd4 50. Bd3 Bc7 51. f5 Bd6 52. b5 Nh5 53. f6
Nf4 54. Bf5 Nd5 55. f7 Kc5 56. Bd7 Nc7 57. Nf6 Bf8 58. Ne4+ 1-0

[Event "3rd DC International"]
[Site "Arlington, VA"]
[Date "2015.06.27"]
[Round "4"]
[White "Panchanatham, Vignesh"]
[Black "Mulyar, Michael"]
[Result "1/2-1/2"]
[WhiteElo "2217"]
[BlackElo "2392"]
[PlyCount "59"]
[EventDate "2015.06.??"]
[EventType "swiss"]
[EventRounds "9"]
[EventCountry "USA"]

1. d4 d5 2. c4 c6 3. cxd5 cxd5 4. Nc3 Nf6 5. Bf4 Nc6 6. e3 Bf5 7. Nf3 e6 8. Qb3
Bb4 9. Bb5 O-O 10. O-O Bxc3 11. bxc3 Na5 12. Qb4 Ne4 13. Rfc1 Rc8 14. Ne5 g5
15. Bg3 f6 16. Nd7 Rf7 17. Nc5 Nxg3 18. hxg3 b6 19. Nb3 Nc4 20. Ba6 Rc6 21. a4
Rfc7 22. Ra2 Kg7 23. Nd2 Bd3 24. Bxc4 Bxc4 25. Nxc4 Rxc4 26. Qb2 Qd7 27. Qb5
Qc6 28. Ra3 Rc8 29. Qa6 Rc7 30. Qb5 1/2-1/2

[Event "3rd DC International"]
[Site "Arlington, VA"]
[Date "2015.06.27"]
[Round "4"]
[White "Viswanadha, Kesav"]
[Black "Betaneli, Alexander"]
[Result "1-0"]
[WhiteElo "2358"]
[BlackElo "2246"]
[PlyCount "123"]
[EventDate "2015.06.??"]
[EventType "swiss"]
[EventRounds "9"]
[EventCountry "USA"]

1. e4 e5 2. Nf3 Nc6 3. Bb5 a6 4. Ba4 Nf6 5. O-O Be7 6. Re1 b5 7. Bb3 d6 8. c3
O-O 9. h3 Na5 10. Bc2 c5 11. d4 Nd7 12. Nbd2 exd4 13. cxd4 Re8 14. Nf1 Bb7 15.
d5 Nc4 16. b3 Bf6 17. Rb1 Nce5 18. Nxe5 Bxe5 19. f4 Bc3 20. Bd2 Bxd2 21. Qxd2
Rc8 22. a4 Qf6 23. Qf2 Qd4 24. Ne3 g6 25. Rbd1 Qc3 26. Rf1 f6 27. Qg3 Kh8 28.
h4 c4 29. bxc4 bxc4 30. h5 Nc5 31. hxg6 Nxe4 32. Bxe4 Rxe4 33. Rf3 Qb3 34. g7+
Kg8 35. Nf5 Qxd1+ 36. Kh2 Kf7 37. Nxd6+ Kg8 38. Nf5 Kf7 39. g8=Q+ Rxg8 40. Nh6+
Ke7 41. Nxg8+ Kd8 42. f5 Kc8 43. Nxf6 Re1 44. Qg8+ Kc7 45. Qg7+ Kb6 46. Kg3 Re2
47. Nd7+ Ka7 48. Nc5 Qe1+ 49. Kh2 Qh4+ 50. Rh3 Qf4+ 51. Rg3 Qh4+ 52. Rh3 Qf4+
53. Rg3 Qh4+ 54. Kg1 Re1+ 55. Kf2 Re7 56. Qg4 Qh1 57. Qd4 Qe1+ 58. Kf3 Qf1+ 59.
Kg4 h5+ 60. Kg5 Ka8 61. Kf6 Rc7 62. d6 1-0

[Event "3rd DC International"]
[Site "Arlington, VA"]
[Date "2015.06.27"]
[Round "4"]
[White "Shen, Arthur"]
[Black "Colas, Joshua"]
[Result "1-0"]
[WhiteElo "2339"]
[BlackElo "2241"]
[PlyCount "75"]
[EventDate "2015.06.??"]
[EventType "swiss"]
[EventRounds "9"]
[EventCountry "USA"]

1. e4 e5 2. Nf3 Nc6 3. Bc4 Bc5 4. d3 d6 5. O-O Nf6 6. c3 Bg4 7. Nbd2 O-O 8. h3
Bh5 9. Re1 a6 10. Bb3 d5 11. exd5 Nxd5 12. Ne4 Bb6 13. Ng3 Bg6 14. Nxe5 Nxe5
15. Rxe5 c6 16. d4 Bc7 17. Re1 Kh8 18. Qf3 Qd6 19. Bg5 f6 20. Bh4 Rae8 21. Nf1
f5 22. Rad1 f4 23. Nd2 Qd7 24. c4 Nb6 25. d5 Qf5 26. dxc6 Qa5 27. Rxe8 Rxe8 28.
cxb7 Bh5 29. Qc6 Qe5 30. Nf3 Bxf3 31. Qxf3 g5 32. c5 gxh4 33. cxb6 Bxb6 34. Qc3
Qxc3 35. bxc3 Ba7 36. Rd7 Bb8 37. Kf1 a5 38. c4 1-0

[Event "3rd DC International"]
[Site "Arlington, VA"]
[Date "2015.06.27"]
[Round "4"]
[White "Katz, Alexander"]
[Black "Balakrishnan, Praveen"]
[Result "0-1"]
[WhiteElo "2320"]
[BlackElo "2226"]
[PlyCount "88"]
[EventDate "2015.06.??"]
[EventType "swiss"]
[EventRounds "9"]
[EventCountry "USA"]

1. e4 e5 2. Nf3 Nc6 3. Bb5 a6 4. Ba4 Nf6 5. O-O Be7 6. Re1 b5 7. Bb3 d6 8. c3
O-O 9. d4 Bg4 10. Be3 exd4 11. cxd4 Na5 12. Bc2 c5 13. dxc5 dxc5 14. Nbd2 Nc6
15. Rc1 c4 16. Bb1 Nd7 17. h3 Bh5 18. Qe2 Bf6 19. g4 Bg6 20. Nf1 Qc7 21. b3 c3
22. g5 Be7 23. Red1 b4 24. Nh4 Nc5 25. Nxg6 hxg6 26. f4 Ne6 27. e5 Rad8 28. Be4
Ncd4 29. Qf2 Bc5 30. Kh1 Qb6 31. Rd3 Nf5 32. Bxf5 gxf5 33. Rcd1 Qc6+ 34. Kh2
Rxd3 35. Rxd3 Qe4 36. Rd1 Bxe3 37. Nxe3 Nxf4 38. g6 Nxg6 39. Nxf5 Qxe5+ 40. Kh1
Qe4+ 41. Kh2 Nf4 42. Ng3 Qh7 43. Rd4 Qxh3+ 44. Kg1 Qxg3+ 0-1

[Event "3rd DC International"]
[Site "Arlington, VA"]
[Date "2015.06.27"]
[Round "4"]
[White "Yuvarajan, Prathiba"]
[Black "Griffith, Kyron"]
[Result "0-1"]
[WhiteElo "2178"]
[BlackElo "2320"]
[PlyCount "101"]
[EventDate "2015.06.??"]
[EventType "swiss"]
[EventRounds "9"]
[EventCountry "USA"]

1. e4 c5 2. Nf3 d6 3. d4 cxd4 4. Nxd4 Nf6 5. Nc3 a6 6. Bg5 Nbd7 7. f4 Qc7 8.
Qf3 h6 9. Bxf6 Nxf6 10. h3 e5 11. Nb3 Be7 12. f5 b5 13. Bd3 Bb7 14. a3 O-O 15.
g4 d5 16. Nd2 Nxe4 17. Ncxe4 dxe4 18. Nxe4 Bh4+ 19. Kf1 Rad8 20. Rh2 Rd4 21.
Re2 Rfd8 22. Kg2 Bxe4 23. Bxe4 Rd2 24. Rxd2 Rxd2+ 25. Kh1 Qd6 26. Rf1 Bg5 27.
Rf2 Rd1+ 28. Rf1 Rxf1+ 29. Qxf1 Qd4 30. Qd3 Qxb2 31. Qd7 Qxa3 32. Qe8+ Qf8 33.
Qxe5 Bf6 34. Qd5 Qb4 35. Bd3 Qe1+ 36. Kg2 Qd2+ 37. Kg1 Qe3+ 38. Kg2 Bd4 39. h4
Qf2+ 40. Kh3 Bf6 41. Qe4 Qxh4+ 42. Kg2 Kh7 43. c4 h5 44. cxb5 axb5 45. Bxb5
hxg4 46. Qe3 Bd8 47. Qg3 Qe7 48. Qd3 Qf6 49. Qe4 Qh4 50. Kf1 Bb6 51. Qg2 0-1

[Event "3rd DC International"]
[Site "Arlington, VA"]
[Date "2015.06.27"]
[Round "4"]
[White "Vibbert, Sean"]
[Black "Larson, Matthew"]
[Result "1/2-1/2"]
[WhiteElo "2360"]
[BlackElo "2160"]
[PlyCount "129"]
[EventDate "2015.06.??"]
[EventType "swiss"]
[EventRounds "9"]
[EventCountry "USA"]

1. e4 c5 2. Nc3 a6 3. a4 Nc6 4. g3 e6 5. Bg2 Nge7 6. Nge2 d5 7. exd5 Nxd5 8.
Nxd5 exd5 9. O-O d4 10. Nf4 Bd6 11. Re1+ Ne7 12. Nd5 O-O 13. Nxe7+ Bxe7 14. d3
Qc7 15. a5 Be6 16. Bf4 Bd6 17. Qf3 Rab8 18. b3 Rfe8 19. Bd2 Bd7 20. Rxe8+ Bxe8
21. Re1 Bc6 22. Qg4 Re8 23. Rxe8+ Bxe8 24. Qh4 Bc6 25. Bxc6 bxc6 26. Qg4 g6 27.
Kg2 f5 28. Qf3 Qd7 29. Qe2 Kf7 30. h4 Qe6 31. Qxe6+ Kxe6 32. Kf3 Bc7 33. Be1
Bd6 34. Bd2 Bc7 35. Kg2 Bd6 36. Kh3 Bc7 37. h5 Bd8 38. hxg6 hxg6 39. f3 g5 40.
g4 f4 41. Kg2 Be7 42. Kf1 Kd5 43. Ke1 Bf6 44. Kd1 Bg7 45. Kc1 Bf6 46. Kb2 Bg7
47. Ka3 Bf8 48. Ka4 Be7 49. Bc1 Bf8 50. Bb2 Bg7 51. Ba3 Bf8 52. Bc1 Be7 53. Bd2
Bf8 54. Bc1 Be7 55. Bb2 Bf8 56. Ba1 Be7 57. Bb2 Bf8 58. c3 Be7 59. c4+ Ke5 60.
Ba3 Bf8 61. Bc1 Be7 62. Bd2 Bf8 63. b4 cxb4 64. Bxb4 c5 65. Ba3 1/2-1/2

[Event "3rd DC International"]
[Site "Arlington, VA"]
[Date "2015.06.27"]
[Round "4"]
[White "Boas, Toby"]
[Black "Brown, Michael"]
[Result "0-1"]
[WhiteElo "2218"]
[BlackElo "2354"]
[PlyCount "62"]
[EventDate "2015.06.??"]
[EventType "swiss"]
[EventRounds "9"]
[EventCountry "USA"]

1. d4 Nf6 2. Bg5 e6 3. e4 h6 4. Bxf6 Qxf6 5. c3 d6 6. Bd3 Nd7 7. Ne2 Qd8 8. O-O
Be7 9. f4 c5 10. Kh1 O-O 11. Nd2 b6 12. Qe1 Bh4 13. Ng3 Bb7 14. Rd1 cxd4 15.
cxd4 Nf6 16. Bb1 Nh5 17. e5 f5 18. exf6 Rxf6 19. Qe3 Bxg3 20. hxg3 Qf8 21. Rc1
Qf7 22. Rc3 g5 23. Rfc1 gxf4 24. gxf4 Nxf4 25. Kg1 Qg7 26. Be4 Bxe4 27. Qxe4 d5
28. Qf3 Nxg2 29. Rc8+ Rxc8 30. Rxc8+ Kh7 31. Qd3+ Rf5 0-1

[Event "3rd DC International"]
[Site "Arlington, VA"]
[Date "2015.06.27"]
[Round "4"]
[White "Tarhon, Brian"]
[Black "Helfst, Matt"]
[Result "1-0"]
[WhiteElo "2209"]
[BlackElo "1941"]
[PlyCount "55"]
[EventDate "2015.06.??"]
[EventType "swiss"]
[EventRounds "9"]
[EventCountry "USA"]

1. e4 e6 2. d4 d5 3. Nd2 dxe4 4. Nxe4 Bd7 5. Nf3 Bc6 6. Bd3 Nd7 7. O-O Ngf6 8.
Ned2 Be7 9. b3 O-O 10. Bb2 Re8 11. c4 Nc5 12. Be2 Ncd7 13. Qc2 Bxf3 14. Bxf3 c6
15. Rad1 Qc7 16. a3 Bd6 17. g3 e5 18. c5 Be7 19. b4 Rad8 20. Nc4 exd4 21. Bxd4
b6 22. Nd6 Rf8 23. Nf5 Rfe8 24. cxb6 axb6 25. Qxc6 Qb8 26. Qb7 Ne5 27. Bxe5
Qxe5 28. Nxe7+ 1-0

[Event "3rd DC International"]
[Site "Arlington, VA"]
[Date "2015.06.27"]
[Round "4"]
[White "De Fotis, Gary"]
[Black "Niemann, Hans"]
[Result "1/2-1/2"]
[WhiteElo "1957"]
[BlackElo "2179"]
[PlyCount "93"]
[EventDate "2015.06.??"]
[EventType "swiss"]
[EventRounds "9"]
[EventCountry "USA"]

1. d4 Nf6 2. c4 g6 3. g3 Bg7 4. Bg2 d5 5. cxd5 Nxd5 6. e4 Nb6 7. Ne2 c5 8. d5
e6 9. Nec3 exd5 10. exd5 O-O 11. O-O Na6 12. Na3 Bf5 13. Be3 Rc8 14. Qb3 Bd3
15. Rfd1 c4 16. Qb5 Re8 17. Rxd3 cxd3 18. Qxd3 Nb4 19. Qb5 Bxc3 20. bxc3 N4xd5
21. Rd1 Qe7 22. Bxd5 Nxd5 23. Rxd5 Qxa3 24. Bd4 Qe7 25. Re5 Qd8 26. Qxb7 Rxe5
27. Bxe5 Qd1+ 28. Kg2 Re8 29. Bd4 a5 30. Qc6 Qe2 31. Qf6 Qe4+ 32. Kg1 Qb1+ 33.
Kg2 Qe4+ 34. Kg1 Qb1+ 35. Kg2 Qb7+ 36. Kh3 Qc8+ 37. Kg2 Kf8 38. Qd6+ Kg8 39.
Qf6 Qb7+ 40. Kh3 Qd7+ 41. g4 Kf8 42. Qh8+ Ke7 43. Qf6+ Kf8 44. Qh8+ Ke7 45.
Qf6+ Kf8 46. Qh8+ Ke7 47. Qf6+ 1/2-1/2

[Event "3rd DC International"]
[Site "Arlington, VA"]
[Date "2015.06.27"]
[Round "5.1"]
[White "Panchanathan, Magesh"]
[Black "Maghami, Ehsan"]
[Result "1/2-1/2"]
[WhiteElo "2541"]
[BlackElo "2562"]
[PlyCount "100"]
[EventDate "2015.06.??"]
[EventType "swiss"]
[EventRounds "9"]
[EventCountry "USA"]
[WhiteClock "0:01:03"]
[BlackClock "0:11:16"]

1. e4 c5 2. Nf3 d6 3. d4 cxd4 4. Nxd4 Nf6 5. Nc3 a6 6. Be2 e5 7. Nb3 Be7 8. O-O
O-O 9. Be3 Be6 10. a4 Nbd7 11. a5 Qc7 12. Qd2 Rac8 13. Rfd1 Rfe8 14. Qe1 h6 15.
Nc1 Nc5 16. Bf3 Ncd7 17. h3 Bf8 18. N1e2 Ra8 19. Ng3 b5 20. axb6 Nxb6 21. Be2
Nc4 22. Bc1 Rec8 23. Nf1 Qb7 24. b3 Nb6 25. Ne3 a5 26. Bf3 Bd7 27. Ng4 Nxg4 28.
Bxg4 Bxg4 29. hxg4 Qc6 30. Rd3 a4 31. Be3 Nd7 32. bxa4 Nf6 33. f3 Be7 34. Qd2
Ra6 35. Kh2 Bd8 36. Nb5 Qxc2 37. Qxc2 Rxc2 38. Rxd6 Ra8 39. Bb6 Bxb6 40. Rxb6
h5 41. g5 Nd7 42. Rb7 Nc5 43. Rc7 Ra6 44. Rd1 Rxa4 45. g6 fxg6 46. Rd8+ Kh7 47.
Rcc8 Kh6 48. Nd6 Kg5 49. Nf7+ Kf4 50. Nxe5 Kxe5 1/2-1/2

[Event "3rd DC International"]
[Site "Arlington, VA"]
[Date "2015.06.27"]
[Round "5.2"]
[White "Mcshane, Luke"]
[Black "Bodek, Michael"]
[Result "1/2-1/2"]
[WhiteElo "2685"]
[BlackElo "2425"]
[PlyCount "115"]
[EventDate "2015.06.??"]
[EventType "swiss"]
[EventRounds "9"]
[EventCountry "USA"]
[WhiteClock "0:01:44"]
[BlackClock "0:10:09"]

1. b3 d5 2. Bb2 Nf6 3. e3 c5 4. Nf3 Nc6 5. Bb5 Bg4 6. Bxc6+ bxc6 7. d3 g6 8.
Nbd2 Bg7 9. O-O O-O 10. Re1 Nd7 11. Bxg7 Kxg7 12. e4 e6 13. Qc1 Qf6 14. Qa3 Qc3
15. Rac1 Bxf3 16. Nxf3 Qb4 17. Qb2+ Kg8 18. h4 h5 19. c4 d4 20. e5 a5 21. a4
Kg7 22. Rb1 Qb8 23. Qd2 Ra7 24. Qf4 Rb7 25. Nd2 Qd8 26. Re4 Qe7 27. Rbe1 f5 28.
exf6+ Rxf6 29. Qg3 Qf7 30. Nf3 Nf8 31. Qd6 Qe7 32. Qxe7+ Rxe7 33. Ng5 Rb7 34.
Rb1 Re7 35. g3 Nh7 36. Nh3 Kf7 37. Kg2 Ke8 38. Rbe1 Kd7 39. Rf4 Rf5 40. f3 Nf6
41. g4 hxg4 42. fxg4 Rxf4 43. Nxf4 Nxg4 44. Nxg6 Rf7 45. Kg3 Rf6 46. Kxg4 Rxg6+
47. Kf4 Rf6+ 48. Ke4 Kd6 49. Rg1 Rf2 50. Rg8 Re2+ 51. Kf4 e5+ 52. Kf3 Re3+ 53.
Kg2 Rxd3 54. h5 Rd2+ 55. Kg3 Rd1 56. Kg2 Rd2+ 57. Kg3 Rd1 58. Kg2 1/2-1/2

[Event "3rd DC International"]
[Site "Arlington, VA"]
[Date "2015.06.27"]
[Round "5.4"]
[White "Gorovets, Andrey"]
[Black "Li, Ruifeng"]
[Result "1/2-1/2"]
[WhiteElo "2514"]
[BlackElo "2394"]
[PlyCount "82"]
[EventDate "2015.06.??"]
[EventType "swiss"]
[EventRounds "9"]
[EventCountry "USA"]
[WhiteClock "0:28:46"]
[BlackClock "0:49:17"]

1. d4 Nf6 2. Bf4 d5 3. e3 c5 4. Nc3 e6 5. Nb5 Na6 6. Nf3 Be7 7. c3 O-O 8. Ne5
Ne4 9. Bd3 f6 10. Nf3 Bd7 11. a4 Bc6 12. O-O Qd7 13. Nd2 Nd6 14. Qc2 f5 15.
Bxd6 Bxd6 16. Nxd6 Qxd6 17. Bxa6 bxa6 18. Nb3 c4 19. Nc5 a5 20. b3 e5 21. bxc4
dxc4 22. Qe2 Bd5 23. f3 Rab8 24. e4 Bf7 25. Qf2 Rfc8 26. exf5 exd4 27. cxd4 c3
28. Rac1 Rb2 29. Qe3 c2 30. Rf2 Re8 31. Qc3 Rb4 32. Ne4 Qb6 33. Rfxc2 Rxd4 34.
Kh1 Rxa4 35. f6 Rc4 36. Qa1 Rxc2 37. Rxc2 Bg6 38. fxg7 Bxe4 39. fxe4 Rb8 40.
Qa3 Qb4 41. Qe3 Qxe4 1/2-1/2

[Event "3rd DC International"]
[Site "Arlington, VA"]
[Date "2015.06.27"]
[Round "5"]
[White "Jayaram, Ashwin"]
[Black "Subramanian, Arun"]
[Result "0-1"]
[WhiteElo "2490"]
[BlackElo "2496"]
[PlyCount "84"]
[EventDate "2015.06.??"]
[EventType "swiss"]
[EventRounds "9"]
[EventCountry "USA"]

1. d4 d5 2. c4 c6 3. Nc3 Nf6 4. e3 g6 5. Nf3 Bg7 6. Be2 O-O 7. O-O e6 8. b3 Re8
9. Ba3 b6 10. Ne5 Bb7 11. Rc1 Ne4 12. Nxe4 dxe4 13. c5 b5 14. f3 f6 15. Ng4
exf3 16. Bxf3 Nd7 17. Bb2 Qc7 18. b4 f5 19. Nf2 Nf6 20. Qb3 a5 21. a3 a4 22.
Qc2 Rad8 23. Rce1 e5 24. dxe5 Nd7 25. e4 f4 26. Nd3 Nxe5 27. Nxf4 Nc4 28. Bc1
Nxa3 29. Qa2+ Nc4 30. Be2 Ba6 31. Bxc4+ bxc4 32. Qxa4 Bb5 33. Qc2 Qe5 34. Rf3
Qd4+ 35. Rfe3 c3 36. Qa2+ Bc4 37. Qf2 Rf8 38. Rf3 c2 39. h4 Qxf2+ 40. Kxf2 Rd1
41. Ne2 Rfd8 42. Bg5 R8d2 0-1

[Event "3rd DC International"]
[Site "Arlington, VA"]
[Date "2015.06.27"]
[Round "5"]
[White "Ippolito, Dean"]
[Black "Zhou, Jianchao"]
[Result "0-1"]
[WhiteElo "2395"]
[BlackElo "2597"]
[PlyCount "114"]
[EventDate "2015.06.??"]
[EventType "swiss"]
[EventRounds "9"]
[EventCountry "USA"]

1. d4 Nf6 2. c4 g6 3. Nf3 Bg7 4. g3 c5 5. Bg2 cxd4 6. Nxd4 O-O 7. Nc3 Qc7 8.
Ncb5 Qxc4 9. Bf4 a6 10. b3 Qb4+ 11. Bd2 Qc5 12. Rc1 Qb6 13. Nc7 Ra7 14. Be3
Qb4+ 15. Qd2 Qxd2+ 16. Kxd2 b6 17. a4 Bb7 18. Nf3 Bc6 19. Bxb6 Rb7 20. a5 Ne4+
21. Ke1 Bc3+ 22. Kf1 Rc8 23. Na8 d5 24. Ne1 Nd2+ 25. Kg1 d4 26. Nd3 Nxb3 27.
Rb1 Bxg2 28. Kxg2 Nd7 29. Nc7 Nd2 30. Nd5 Nf6 31. Nxf6+ exf6 32. Rbd1 Nc4 33.
Nc5 Rxb6 34. axb6 Rxc5 35. b7 Rb5 36. Rb1 Nb2 37. Rhc1 Rxb7 38. e3 a5 39. exd4
Bxd4 40. Rc8+ Kg7 41. Rd8 Be5 42. f4 Bc3 43. Rc8 Rb3 44. Rxc3 Rxc3 45. Rxb2 a4
46. Rb4 a3 47. Ra4 Rc2+ 48. Kh3 a2 49. g4 Kf8 50. Ra7 Ke8 51. Kg3 Kd8 52. h3
Kc8 53. Kh4 Kb8 54. Ra3 Kb7 55. f5 Kb6 56. g5 Rc4+ 57. Kg3 Rc3+ 0-1

[Event "3rd DC International"]
[Site "Arlington, VA"]
[Date "2015.06.27"]
[Round "5"]
[White "Jussupow, Artur"]
[Black "Jayakumar, Adarsh"]
[Result "1-0"]
[WhiteElo "2584"]
[BlackElo "2291"]
[PlyCount "31"]
[EventDate "2015.06.??"]
[EventType "swiss"]
[EventRounds "9"]
[EventCountry "USA"]

1. d4 d5 2. Nf3 Nf6 3. e3 c6 4. Bd3 Nbd7 5. b3 e6 6. O-O Bd6 7. Bb2 O-O 8. Nbd2
b6 9. Ne5 Bb7 10. f4 c5 11. Qf3 g6 12. Rad1 Ne8 13. Qh3 cxd4 14. Bxd4 Nc5 15.
Rf3 Qe7 16. Nc6 1-0

[Event "3rd DC International"]
[Site "Arlington, VA"]
[Date "2015.06.27"]
[Round "5"]
[White "Griffith, Kyron"]
[Black "Georgiadis, Nico"]
[Result "0-1"]
[WhiteElo "2320"]
[BlackElo "2479"]
[PlyCount "136"]
[EventDate "2015.06.??"]
[EventType "swiss"]
[EventRounds "9"]
[EventCountry "USA"]

1. e4 c5 2. Nf3 g6 3. c3 d5 4. exd5 Qxd5 5. d4 Bg7 6. Na3 cxd4 7. Bc4 Qe4+ 8.
Be3 Nh6 9. Nb5 O-O 10. cxd4 Nc6 11. Nc3 Qg4 12. h3 Qh5 13. Qd2 Ng4 14. O-O Nxe3
15. fxe3 b6 16. a3 Bb7 17. b4 Rad8 18. Rad1 Kh8 19. Qf2 f5 20. b5 Na5 21. Ba2
f4 22. exf4 Rxf4 23. Qe3 Rdf8 24. Ne5 Qg5 25. Qe2 R8f5 26. Nf7+ Rxf7 27. Bxf7
Bxd4+ 28. Rxd4 Rxd4 29. Rf2 e5 30. Ba2 Kg7 31. Kh2 Rf4 32. Nd5 Rxf2 33. Qxf2
Bxd5 34. Bxd5 Qf4+ 35. Qxf4 exf4 36. g3 g5 37. gxf4 gxf4 38. Kg2 Kf6 39. Kf3
Ke5 40. Be4 h6 41. Bd3 Nb3 42. Kg4 Nd2 43. Bg6 Ne4 44. h4 Ng3 45. h5 Ne4 46.
Kf3 Nd6 47. Bd3 Nf7 48. Bg6 Ng5+ 49. Kg4 f3 50. Kg3 Kd4 51. Kf2 Kc4 52. a4 Kb3
53. Ke3 Kxa4 54. Bd3 Kb3 55. Bf5 Kc4 56. Bd3+ Kd5 57. Bg6 Ke5 58. Bd3 Ne6 59.
Bg6 Nd4 60. Bd3 Kd5 61. Be4+ Kc5 62. Bd3 Nxb5 63. Kxf3 Nd6 64. Kf4 Kd4 65. Ba6
b5 66. Bxb5 Nxb5 67. Kf5 Nd6+ 68. Kg6 Ne4 0-1

[Event "3rd DC International"]
[Site "Arlington, VA"]
[Date "2015.06.27"]
[Round "5"]
[White "Wang, Qibiao"]
[Black "Liang, Awonder"]
[Result "1-0"]
[WhiteElo "2304"]
[BlackElo "2370"]
[PlyCount "119"]
[EventDate "2015.06.??"]
[EventType "swiss"]
[EventRounds "9"]
[EventCountry "USA"]

1. d4 Nf6 2. Nf3 g6 3. c4 Bg7 4. g3 O-O 5. Bg2 c6 6. O-O d5 7. cxd5 cxd5 8. Nc3
Ne4 9. Ne5 Nxc3 10. bxc3 Nc6 11. Nxc6 bxc6 12. Ba3 Bf5 13. Re1 Re8 14. Qa4 Qd7
15. Rad1 e6 16. c4 Qb7 17. e3 h5 18. h3 Rad8 19. Rd2 Qd7 20. Rc1 e5 21. cxd5
cxd5 22. Qxd7 Rxd7 23. dxe5 Bxe5 24. Rcd1 Red8 25. Bc5 Be6 26. Bd4 Bxd4 27.
Rxd4 Kf8 28. g4 hxg4 29. hxg4 g5 30. Kh2 Ke7 31. Kg3 Rd6 32. Ra4 R6d7 33. Rdd4
Rc8 34. Ra5 Rcd8 35. Rda4 Ra8 36. Ra6 Rc7 37. R4a5 Rd7 38. Ra4 Rc7 39. Rd4 Rd8
40. Ra5 Rcd7 41. Bf3 Kf8 42. Bd1 Ke7 43. Bb3 Kf8 44. Kf3 Ke7 45. Ke2 Kf8 46.
Rda4 Ra8 47. Kd3 Ke7 48. f3 f5 49. gxf5 Bxf5+ 50. Kd4 Bh3 51. Rxd5 a5 52. Ke5
Rf8 53. Raxa5 Rxf3 54. Rxd7+ Bxd7 55. e4 g4 56. Ra6 g3 57. Rg6 Bh3 58. Bd1 Rf1
59. Rxg3 Bd7 60. Bb3 1-0

[Event "3rd DC International"]
[Site "Arlington, VA"]
[Date "2015.06.27"]
[Round "5"]
[White "Burke, John"]
[Black "Viswanadha, Kesav"]
[Result "1-0"]
[WhiteElo "2258"]
[BlackElo "2358"]
[PlyCount "115"]
[EventDate "2015.06.??"]
[EventType "swiss"]
[EventRounds "9"]
[EventCountry "USA"]

1. e4 e5 2. Nf3 Nc6 3. Bb5 a6 4. Ba4 Nf6 5. O-O Be7 6. Re1 b5 7. Bb3 d6 8. c3
O-O 9. d4 Bg4 10. d5 Na5 11. Bc2 c6 12. h3 Bc8 13. dxc6 Qc7 14. Nbd2 Qxc6 15.
Nf1 h6 16. Ng3 Rd8 17. a4 Be6 18. Nh4 d5 19. Nhf5 Bxf5 20. Nxf5 Bf8 21. exd5
Rxd5 22. Qf3 e4 23. Rxe4 b4 24. Nd4 Qd7 25. Re1 Qd8 26. Bf4 bxc3 27. bxc3 g6
28. Be5 Nh7 29. Bc7 Qd7 30. Bxa5 Ng5 31. Qg4 Qxg4 32. hxg4 Rxa5 33. f4 Nh7 34.
Nb3 Rc5 35. Nxc5 Bxc5+ 36. Kf1 Nf6 37. Be4 Rc8 38. Bf3 Bd6 39. g5 hxg5 40. fxg5
Nh7 41. Rad1 Bg3 42. Re3 Bf4 43. Bg4 Rc5 44. Re8+ Kg7 45. Rc8 Rxg5 46. Be2 Ra5
47. Rd4 Bg3 48. Rc6 Ng5 49. Rg4 Rf5+ 50. Bf3 Be5 51. Ke2 Bf6 52. Rgc4 Re5+ 53.
Kd2 Ne6 54. Rxa6 Nc5 55. Rd6 Nb3+ 56. Kc2 Na5 57. Rc7 Re1 58. Rd5 1-0